Statistiken für Fußballclubs - Vervollständigen #3

Klicken Sie hier um das Quiz zu spielen!

Allgemein

  • Dieses Quiz wurde 93 mal gespielt
    (68 seit der letzten Aktualisierung)
  • Das Durchschnittsergebnis liegt bei 7 aus 16

Antwortstatistiken

ClubnameErgänzung% Korrekt
1. Fußballclub Union ...Berlin
80%
FC Viktoria ... 1904Köln
80%
Fußball-Club Bayern ...München
80%
1. Fußball- und Sportverein ... 05Mainz
72%
SC ... 07Paderborn
66%
VfL ... -Fußball GmbHWolfsburg
64%
... Sportvereinigung Holstein von 1900Kieler
56%
... Turn- und Sportverein EintrachtBraunschweiger
40%
... Sport-VereinHamburger
40%
Spielvereinigung ...Unterhaching
34%
1. FC ... 01/07Köln
28%
*Verein für Bewegungsspiele ... von 1919Lübeck
22%
... Sportverein von 1896Hannoverscher
8%
Sport-Verein "..." von 1899Werder
8%
Sportverein 1916 ...Sandhausen
6%
Fußball-Club ... von 1910St. Pauli
2%

Verteilung der Resultate

Perzentil nach korrekt beantworteten Fragen

Anzahl Personen mit jedem Resultat

Ihre Resultats-Entwicklung

Sie haben dieses Quiz seit der letzten Aktualisierung nicht gespielt